00218nam a2200085Ia 4500008004100000100001800041245001900059260004500078260000900123170620s9999 xx 000 0 und d aSehgal- G. S. 0aWork Education bNew Delhi- A.P.H. Publishing corporation c2003